|
|
|
|
| LEADER |
00000cam a22000004a 4500 |
| 001 |
musev2_75601 |
| 003 |
MdBmJHUP |
| 005 |
20230905051817.0 |
| 006 |
m o d |
| 007 |
cr||||||||nn|n |
| 008 |
100325s1988 mau o 00 0 eng d |
| 020 |
|
|
|a 9781684172702
|
| 020 |
|
|
|z 1684172705
|
| 020 |
|
|
|z 9780674117556
|
| 035 |
|
|
|a (OCoLC)1227051553
|
| 040 |
|
|
|a MdBmJHUP
|c MdBmJHUP
|
| 100 |
1 |
|
|a Liu, James T. C.,
|d 1919-1993.
|
| 245 |
1 |
0 |
|a China Turning Inward :
|b Intellectual-Political Changes in the Early Twelfth Century /
|c James T.C. Liu.
|
| 264 |
|
1 |
|a Cambridge, Mass. :
|b Distributed by Harvard University Press,
|c 1988.
|
| 264 |
|
3 |
|a Baltimore, Md. :
|b Project MUSE,
|c 2021
|
| 264 |
|
4 |
|c ©1988.
|
| 300 |
|
|
|a 1 online resource (234 pages).
|
| 336 |
|
|
|a text
|b txt
|2 rdacontent
|
| 337 |
|
|
|a computer
|b c
|2 rdamedia
|
| 338 |
|
|
|a online resource
|b cr
|2 rdacarrier
|
| 490 |
0 |
|
|a Harvard East Asian monographs ;
|v 132
|
| 505 |
0 |
|
|a A focus on contrasts -- Sung learning -- Sung Confucianism -- The moralistic conservatives -- Autocracy and councilors -- A case study : from excellence to exile -- Neo-Confucians as transcendental moralist : dissension, heresy, and orthodoxy.
|
| 588 |
|
|
|a Description based on print version record.
|
| 651 |
|
7 |
|a China.
|2 fast
|0 (OCoLC)fst01206073
|
| 651 |
|
6 |
|a Chine
|x Vie intellectuelle
|y 960-1644.
|
| 651 |
|
6 |
|a Chine
|x Histoire
|y 960-1279 (Dynastie des Song)
|
| 651 |
|
0 |
|a China
|x Intellectual life
|y 960-1644.
|
| 651 |
|
0 |
|a China
|x History
|y Song dynasty, 960-1279.
|
| 650 |
1 |
7 |
|a Intellectuelen.
|2 gtt
|
| 650 |
|
7 |
|a Song Dynasty (China)
|2 fast
|0 (OCoLC)fst01696776
|
| 650 |
|
7 |
|a Neo-Confucianism.
|2 fast
|0 (OCoLC)fst01035736
|
| 650 |
|
7 |
|a Intellectual life.
|2 fast
|0 (OCoLC)fst00975769
|
| 650 |
|
7 |
|a POLITICAL SCIENCE
|x Public Affairs & Administration.
|2 bisacsh
|
| 650 |
|
6 |
|a Neo-confucianisme.
|
| 650 |
|
0 |
|a Neo-Confucianism.
|
| 655 |
|
7 |
|a History.
|2 fast
|0 (OCoLC)fst01411628
|
| 655 |
|
7 |
|a Electronic books.
|2 local
|
| 710 |
2 |
|
|a Project Muse.
|e distributor
|
| 830 |
|
0 |
|a Book collections on Project MUSE.
|
| 856 |
4 |
0 |
|z Texto completo
|u https://projectmuse.uam.elogim.com/book/75601/
|
| 945 |
|
|
|a Project MUSE - Custom Collection
|
| 945 |
|
|
|a Project MUSE - Archive Complete Supplement IX
|
| 945 |
|
|
|a Project MUSE - Archive History Supplement IX
|
| 945 |
|
|
|a Project MUSE - Archive Asian and Pacific Studies Supplement VIII
|